Music Quiz

Random Music Quiz

Phish Setlist Challenge: Merriweather Post Pavilion Quiz Stats

 Plays Quiz not verified by Sporcle

Score 0/231 Timer 20:00
0 Plays Today
Show Song % Correct
8/8/1998----------
100%
8/8/1998=======
100%
7/9/1999----------
100%
7/9/1999=======
100%
9/17/2000----------
100%
9/17/2000=======
100%
8/15/2009----------
100%
8/15/2009=======
100%
6/27/2010----------
100%
6/27/2010=======
100%
6/12/2011----------
100%
6/12/2011=======
100%
7/14/2013----------
100%
7/14/2013=======
100%
7/27/2014----------
100%
7/27/2014=======
100%
8/15/2015----------
100%
8/15/2015=======
100%
6/23/2019----------
100%
6/23/2019=======
100%
8/8/1998Possum >
93.3%
8/8/1998Cavern >
93.3%
7/9/1999Divided Sky
93.3%
7/9/1999Llama
93.3%
7/9/1999Mike's Song >
93.3%
7/9/1999Weekapaug Groove
93.3%
9/17/2000Fluffhead
93.3%
8/15/2009Tube
93.3%
8/15/2009Tweezer >
93.3%
6/27/2010Divided Sky
93.3%
6/27/2010You Enjoy Myself
93.3%
6/12/2011Divided Sky
93.3%
7/14/2013Tube >
93.3%
7/14/2013You Enjoy Myself
93.3%
7/27/2014Fee
93.3%
7/27/2014You Enjoy Myself
93.3%
7/27/2014Tweezer >
93.3%
7/27/2014Tweezer (cont.) >
93.3%
7/27/2014Tweezer (cont.) >
93.3%
7/27/2014Tweezer (cont.) >
93.3%
7/27/2014Tweezer (cont.) >
93.3%
8/15/2015Tweezer >
93.3%
8/15/2015Tweezer (cont.) >
93.3%
6/23/2019Rift
93.3%
8/8/1998NICU
86.7%
8/8/1998Also Sprach Zarathustra >
86.7%
8/8/1998Harry Hood
86.7%
7/9/1999Back on the Train
86.7%
7/9/1999Free >
86.7%
7/9/1999Harry Hood
86.7%
9/17/2000Back on the Train
86.7%
9/17/2000Chalk Dust Torture
86.7%
9/17/2000Theme From the Bottom >
86.7%
9/17/2000Free
86.7%
9/17/2000Contact >
86.7%
8/15/2009Axilla
86.7%
8/15/2009Harry Hood
86.7%
8/15/2009Tweezer Reprise
86.7%
6/27/2010Sample in a Jar
86.7%
6/27/2010Wilson >
86.7%
6/27/2010Contact
86.7%
6/12/2011Sample in a Jar >
86.7%
6/12/2011Character Zero
86.7%
6/12/2011Harry Hood >
86.7%
6/12/2011First Tube
86.7%
7/14/2013First Tube >
86.7%
7/14/2013NICU
86.7%
7/14/2013Chalk Dust Torture
86.7%
7/14/2013Stash
86.7%
7/14/2013It's Ice >
86.7%
7/14/2013Julius
86.7%
7/27/2014Sand
86.7%
7/27/2014Wilson >
86.7%
7/27/2014Back on the Train >
86.7%
7/27/2014Back on the Train (cont.) >
86.7%
7/27/2014Free >
86.7%
7/27/2014Free (cont.) >
86.7%
Show Song % Correct
7/27/2014Slave to the Traffic Light >
86.7%
7/27/2014Down with Disease >
86.7%
7/27/2014NICU >
86.7%
7/27/2014Tweezer Reprise
86.7%
8/15/2015Glide
86.7%
8/15/2015Tweezer Reprise
86.7%
6/23/2019It's Ice >
86.7%
6/23/2019Also Sprach Zarathustra >
86.7%
6/23/2019Maze
86.7%
6/23/2019Waste >
86.7%
6/23/2019Wilson
86.7%
8/8/1998The Wedge
80%
8/8/1998Farmhouse
80%
8/8/1998Tela >
80%
8/8/1998Piper
80%
7/9/1999Farmhouse
80%
7/9/1999Runaway Jim
80%
7/9/1999Twist >
80%
9/17/2000Bathtub Gin
80%
9/17/2000Lawn Boy
80%
9/17/2000Rocky Top
80%
8/15/2009Party Time
80%
8/15/2009Taste
80%
6/27/2010Tela
80%
6/27/2010Bathtub Gin
80%
6/27/2010Run Like an Antelope
80%
6/27/2010Piper >
80%
6/27/2010Ghost >
80%
6/12/2011Bathtub Gin >
80%
6/12/2011Party Time
80%
6/12/2011Crosseyed and Painless >
80%
6/12/2011The Wedge
80%
7/14/2013Scent of a Mule
80%
7/14/2013Run Like an Antelope
80%
7/14/2013Twist >
80%
7/27/2014555
80%
7/27/2014Fuego
80%
7/27/2014Simple >
80%
8/15/2015Simple >
80%
8/15/2015Roggae >
80%
8/15/2015Run Like an Antelope
80%
8/15/2015Piper >
80%
8/15/2015Walls of the Cave
80%
6/23/2019The Wedge >
80%
6/23/2019Run Like an Antelope
80%
6/23/2019Crosseyed and Painless >
80%
6/23/2019Twist >
80%
8/8/1998Sneakin' Sally Through the Alley >
73.3%
8/8/1998Guyute
73.3%
7/9/1999Limb By Limb
73.3%
7/9/1999Punch You in the Eye >
73.3%
7/9/1999Meatstick >
73.3%
9/17/2000Guyute
73.3%
9/17/2000Limb By Limb
73.3%
9/17/2000The Moma Dance
73.3%
9/17/2000The Curtain With >
73.3%
9/17/2000The Mango Song >
73.3%
8/15/2009Foam
73.3%
8/15/2009Esther
73.3%
8/15/2009Stealing Time From the Faulty Plan
73.3%
8/15/2009Time Turns Elastic
73.3%
6/27/2010Stealing Time From the Faulty Plan >
73.3%
6/27/2010My Soul
73.3%
6/27/2010Meatstick >
73.3%
6/12/2011Wolfman's Brother >
73.3%
6/12/2011Boogie On Reggae Woman >
73.3%
6/12/2011Gumbo
73.3%
6/12/2011Halley's Comet >
73.3%
6/12/2011Light >
73.3%
6/12/2011Backwards Down the Number Line
73.3%
6/12/2011Sanity >
73.3%
7/14/2013The Moma Dance >
73.3%
7/14/2013Backwards Down the Number Line >
73.3%
7/14/2013Light >
73.3%
7/14/2013Boogie On Reggae Woman >
73.3%
7/27/2014The Curtain With
73.3%
7/27/2014My Sweet One
73.3%
Show Song % Correct
7/27/2014Bouncing Around the Room
73.3%
7/27/2014Jennifer Dances >
73.3%
7/27/2014Boogie On Reggae Woman >
73.3%
8/15/2015McGrupp and the Watchful Hosemasters >
73.3%
8/15/2015Limb By Limb >
73.3%
8/15/2015Blaze On >
73.3%
8/15/2015Halley's Comet >
73.3%
8/15/2015Bug >
73.3%
6/23/2019My Soul >
73.3%
6/23/2019Gumbo
73.3%
6/23/2019Blaze On
73.3%
6/23/2019Sanity >
73.3%
8/8/1998Fikus
66.7%
8/8/1998Hold Your Head Up
66.7%
7/9/1999Train Song
66.7%
7/9/1999What's the Use? >
66.7%
9/17/2000Rock and Roll >
66.7%
8/15/2009Kill Devil Falls
66.7%
8/15/2009The Sloth
66.7%
8/15/2009Alaska
66.7%
8/15/2009Good Times Bad Times
66.7%
6/27/2010Walfredo
66.7%
6/27/2010Fire
66.7%
6/12/2011Alaska
66.7%
7/14/2013Golden Age >
66.7%
7/27/2014Catapult >
66.7%
7/27/2014Hold Your Head Up >
66.7%
7/27/2014Hold Your Head Up (cont.)
66.7%
7/27/2014I Been Around
66.7%
8/15/2015What's the Use? >
66.7%
6/23/2019Carini >
66.7%
6/23/2019Winterqueen
66.7%
8/8/1998Sweet Jane
60%
8/8/1998Sexual Healing >
60%
8/8/1998Sabotage
60%
7/9/1999Driver
60%
8/15/2009Ha Ha Ha
60%
8/15/200946 Days
60%
6/27/2010Mellow Mood
60%
6/27/2010Ginseng Sullivan
60%
6/27/2010Saw It Again >
60%
6/27/2010Jumpin' Jack Flash >
60%
6/27/2010Saw It Again (cont.) >
60%
6/12/2011Ha Ha Ha
60%
7/27/201446 Days
60%
7/27/2014Saw It Again >
60%
8/15/2015Big Black Furry Creature From Mars >
60%
8/15/2015Big Black Furry Creature From Mars (cont.) >
60%
8/15/201546 Days >
60%
8/15/2015Sleeping Monkey >
60%
6/23/2019Everything's Right >
60%
6/23/2019Ruby Waves >
60%
9/17/2000Dog Log >
53.3%
8/15/2009Crowd Control
53.3%
6/12/2011Steam >
53.3%
7/14/2013Roses Are Free >
53.3%
7/27/2014Waiting All Night
53.3%
8/15/2015Your Pet Cat >
53.3%
8/15/2015Steam >
53.3%
8/15/2015Steam (cont.) >
53.3%
6/23/2019Yarmouth Road
46.7%
6/23/2019Shade
46.7%
8/15/2009Let Me Lie
40%
6/12/2011Buried Alive >
40%
6/12/2011Halfway to the Moon >
40%
6/12/2011Loving Cup
40%
6/12/2011Makisupa Policeman >
40%
7/14/2013Loving Cup
40%
8/15/2015Buried Alive >
40%
8/15/2009Strange Design
33.3%
8/15/2009Oh! Sweet Nuthin' >
33.3%
6/27/2010Brian and Robert
33.3%
6/12/2011Jesus Just Left Chicago
33.3%
8/15/2015NO2 >
33.3%
6/23/2019Halfway Home
13.3%
8/15/2009Beauty of a Broken Heart
6.7%
6/12/2011Lonesome Cowboy Bill
6.7%

You're not logged in!

Compare scores with friends on all Sporcle quizzes.
OR
Log In

Sporcle TV

Today on Sporcle TV


Watch our educational content, quiz creation guides, and fun videos on Sporcle TV.

Show Comments

Extras

Top Quizzes Today


Score Distribution

Your Account Isn't Verified!

In order to create a playlist on Sporcle, you need to verify the email address you used during registration. Go to your Sporcle Settings to finish the process.

Report this User

Report this user for behavior that violates our Community Guidelines.

Details: